000 01320nab a22002417a 4500
999 _c5760
_d5760
003 OSt
005 20260105150342.0
008 190514b xxu||||| |||| 00| 0 spa d
040 _cPJ
100 _96674
_aCorleta, Natalia Daniela
245 1 0 _aUn fallo para repensar la interpretación del art. 700 bis del Código Civil y Comercial /
_cNatalia Daniela Corleta.
300 _ap. 127-133
500 _aCita: TR LALEY AR/DOC/869/2025.
505 _aSumario: I. Introducción.— II. Breve descripción de los hechos del fallo de análisis.— III. La interseccionalidad como fundamento para el fallo.— IV. La reinterpretación del inc. b) del art. 700 bis Cód. Civ. y Com.— V. Conclusión.
505 _tFallo comentado: JFam. 1a Nom., Catamarca ~ 18/10/2024 ~ A., M. V. c. C. V., F. M. s/ privación de la responsabilidad parental y supresión de apellido.
650 0 _9967
_aDERECHO DE FAMILIA
650 0 _92741
_aDERECHOS DE LAS NIÑAS, NIÑOS Y ADOLESCENTES
650 0 _94097
_aINTERES SUPERIOR DEL NIÑO
650 0 _96356
_aPRIVACION DE LA RESPONSABILIDAD PARENTAL
650 0 _91057
_aJURISPRUDENCIA APLICABLE
773 0 _02844
_93222
_dBuenos Aires : AbeledoPerrot, 1989-
_tDerecho de familia. Revista Interdisciplinaria de doctrina y jurisprudencia. Junio 2025-III.
_z18511201
942 _2udc
_cANA